| 000 | 00985nam a2200217 i 4500 | ||
|---|---|---|---|
| 001 | 173904 | ||
| 003 | ES-MaACL | ||
| 005 | 20250713080435.0 | ||
| 008 | 100128s1874 sp |||| | spa d | ||
| 040 |
_aSpMaBN _bspa _cPAB |
||
| 080 | _a821.134.2-22"18" | ||
| 100 | 1 |
_aAza, Vital, _d1851-1912 _924210 |
|
| 245 | 1 | 1 |
_a¡Basta de matemáticas! : juguete cómico en un acto y en prosa / _coriginal de Vital Aza. |
| 260 |
_aMadrid : _b[s.n.], _c1874 ( _fImp. de José Rodríguez) |
||
| 300 |
_a28 p. ; _c17 cm. |
||
| 500 | _aEn port.: Estrenado con gran éxito en el teatro de Variedades el día 7 de febrero de 1874. | ||
| 530 | _aDisponible en formato digital. | ||
| 852 |
_aES-MaACL _jF-8627(13) _z.- Enc. pasta española _q.- Falto de la cub. original _z.- Enc. en un vol. facticio formando parte de la col. facticia "Teatro español moderno", vol. 82 |
||
| 856 |
_uhttp://bdh-rd.bne.es/viewer.vm?id=0000094462&page=1 _zBiblioteca Digital Hispánica |
||
| 999 |
_c173904 _d173904 |
||